[Event "IND-ch U11 Girls 30th"]
[Site "India"]
[Date "2016.06.28"]
[Round "1"]
[White "Rishita, Sinha"]
[Black "Parnika, Garg"]
[Result "1-0"]
[WhiteElo "1417"]
[BlackElo "1105"]
[PlyCount "143"]
[EventDate "2016.06.28"]
[EventType "swiss"]
[EventRounds "11"]
[EventCountry "IND"]
[SourceTitle "CBM 173 Extra"]
[Source "ChessBase"]
[SourceDate "2016.08.29"]
[SourceVersion "1"]
[SourceVersionDate "2016.08.29"]
[SourceQuality "1"]

1. e4 c5 2. Nf3 d6 3. d4 cxd4 4. Nxd4 Nf6 5. Nc3 a6 6. Bg5 e5 7. Nb3 Be7 8. Qd2 b5 9. Bxf6 Bxf6 10. Rd1 Be7 11. Be2 Bb7 12. 0-0 0-0 13. Nd5 Bxd5 14. Qxd5 Nd7 15. Qd2 Re8 16. Bg4 Ra7 17. Bxd7 Qxd7 18. c3 Rd8 19. f4 h6 20. Qf2 exf4 21. Qxf4 Bg5 22. Qg3 Qe6 23. e5 Qxe5 24. Qxe5 dxe5 25. Rxd8+ Bxd8 26. Re1 Re7 27. Kf1 f6 28. Kf2 Bb6+ 29. Kf3 Kf7 30. g4 Kg6 31. h4 a5 32. Nd2 a4 33. Ne4 Re6 34. h5+ Kf7 35. Rd1 Ke7 36. Rd5 b4 37. cxb4 Bd4 38. Ra5 Bxb2 39. Rxa4 Bd4 40. b5 Kf7 41. Rb4 Rb6 42. a4 g6 43. a5 Rb8 44. hxg6+ Kxg6 45. b6 f5 46. gxf5+ Kxf5 47. b7 h5 48. a6 h4 49. Rxd4 exd4 50. a7 Rxb7 51. a8Q Rb3+ 52. Ke2 Re3+ 53. Kf2 Rxe4 54. Qf8+ Ke5 55. Qe7+ Kd5 56. Qd7+ Kc5 57. Qc7+ Kb5 58. Qb7+ Kc4 59. Qxe4 h3 60. Ke2 h2 61. Kd2 Kc5 62. Kd3 Kd6 63. Qf4+ Kc5 64. Qxh2 Kd5 65. Qh5+ Ke6 66. Kxd4 Kd6 67. Qe5+ Kc6 68. Qd5+ Kb6 69. Qc5+ Ka6 70. Qb4 Ka7 71. Kc5 Ka6 72. Qb6# 1-0